[Event "VII Weekend A"]
[Site "Padova ITA"]
[Date "2004.12.11"]
[Round "1"]
[White "Giancotti, Eraldo"]
[Black "Roberti, Ignazio"]
[Result "1-0"]
[WhiteElo "2093"]
[BlackElo "1960"]
[PlyCount "105"]
[EventDate "2004.12.11"]

1. d4 Nf6 2. c4 c5 3. d5 e6 4. Nc3 exd5 5. cxd5 d6 6. e4 g6 7. Nf3 Bg7 8. Be2
O-O 9. O-O Na6 10. h3 Nc7 11. a4 b6 12. Bf4 Nfe8 13. Re1 Bb7 14. Bg5 f6 15. Bh4
Qd7 16. Nd2 Rb8 17. Nc4 Ba6 18. Bg4 Qf7 19. Nb5 Bxb5 20. axb5 Rb7 21. Qb3 Kh8
22. Ra3 f5 23. exf5 Nxd5 24. Bf3 Rd7 25. fxg6 hxg6 26. Qd1 Bd4 27. Rd3 Ng7 28.
Rxd4 cxd4 29. Qxd4 Qf4 30. Re4 Qc1+ 31. Kh2 Nc7 32. Bg4 Nxb5 33. Qd5 Nc7 34.
Qc6 Rdf7 35. Qxd6 Nf5 36. Bxf5 gxf5 37. Re3 f4 38. Qh6+ Kg8 39. Re5 Ne8 40. Rh5
Rg7 41. Ne5 Rxg2+ 42. Kxg2 f3+ 43. Nxf3 Qxh6 44. Rxh6 Kg7 45. Rc6 Rf4 46. Bg3
Rb4 47. Be5+ Kf7 48. h4 Ke7 49. Kg3 Kd7 50. Rg6 Re4 51. h5 Ke7 52. h6 Kf7 53.
h7 1-0

[Event "VII Weekend A"]
[Site "Padova ITA"]
[Date "2004.12.11"]
[Round "1"]
[White "Giuriati, Paolo"]
[Black "Boscolo, Marco"]
[Result "1-0"]
[WhiteElo "2190"]
[BlackElo "1993"]
[PlyCount "125"]
[EventDate "2004.12.11"]

1. d4 e6 2. Bf4 Nf6 3. e3 b6 4. c4 Bb7 5. Nc3 Bb4 6. Nf3 Ne4 7. Qb3 Bxc3+ 8.
bxc3 g5 9. Be5 f6 10. Bg3 h5 11. h3 Nxg3 12. fxg3 Qe7 13. Qc2 d6 14. Bd3 f5 15.
O-O-O Nd7 16. g4 O-O-O 17. gxf5 exf5 18. Bxf5 Qxe3+ 19. Kb2 Rhf8 20. Rhf1 Qe7
21. Rde1 Qg7 22. Re6 Rf6 23. Rxf6 Qxf6 24. Ne5 Kb8 25. Bd3 Qe7 26. Ng6 Qe3 27.
Rf2 Qe8 28. Qd2 g4 29. hxg4 hxg4 30. Re2 Qg8 31. Qg5 Bc8 32. Qe7 a5 33. g3 Bb7
34. Qe6 Qxe6 35. Rxe6 Nf8 36. Rf6 Nxg6 37. Rxg6 Bc8 38. Be2 Rf8 39. Bxg4 Ba6
40. Be6 Bb7 41. Rg8 Rxg8 42. Bxg8 Bc8 43. a3 Bg4 44. Kc1 Kc8 45. Kd2 Kd7 46.
Ke3 Ke7 47. Kf4 Be2 48. g4 Bd3 49. Bd5 Kf6 50. g5+ Kg7 51. Be4 Bf1 52. Bd5 Bd3
53. Be4 Bxc4 54. Kf5 Bf7 55. Bf3 c5 56. dxc5 bxc5 57. Be2 d5 58. Ke5 Kg6 59.
Kf4 Kg7 60. Bd3 Bh5 61. Ke5 Bf3 62. Kd6 Be4 63. Be2 1-0

[Event "VII Weekend A"]
[Site "Padova ITA"]
[Date "2004.12.11"]
[Round "1"]
[White "Guclu, Yaman"]
[Black "Cacco, Christian"]
[Result "0-1"]
[WhiteElo "2026"]
[BlackElo "2280"]
[PlyCount "52"]
[EventDate "2004.12.11"]

1. d4 c5 2. d5 e6 3. c4 exd5 4. cxd5 d6 5. e4 g6 6. Nc3 Bg7 7. Bd3 Nf6 8. Nge2
O-O 9. O-O Nbd7 10. f4 Ne8 11. Ng3 a6 12. a4 Rb8 13. Qf3 Nc7 14. Be3 b5 15.
axb5 axb5 16. e5 dxe5 17. f5 c4 18. Be4 b4 19. Na2 Ne8 20. Nc1 Nd6 21. Ra7 Bb7
22. Ra4 Ba8 23. Rd1 Rb5 24. Nce2 Bb7 25. Kf2 Qh4 26. Kg1 Nf6 0-1

[Event "VII Weekend A"]
[Site "Padova ITA"]
[Date "2004.12.11"]
[Round "1"]
[White "Lain, Luigi"]
[Black "Cardili, Mariano"]
[Result "1-0"]
[WhiteElo "2262"]
[BlackElo "2023"]
[PlyCount "67"]
[EventDate "2004.12.11"]

1. d4 d5 2. c4 c6 3. Nc3 Nf6 4. Nf3 dxc4 5. a4 Bf5 6. e3 e6 7. Bxc4 Bb4 8. O-O
Nbd7 9. Qe2 Bg6 10. Ne1 O-O 11. Nd3 Be7 12. Nf4 Qb6 13. a5 Qc7 14. e4 e5 15.
Nxg6 hxg6 16. dxe5 Nxe5 17. Bb3 Bb4 18. f4 Ned7 19. e5 Nd5 20. Nxd5 cxd5 21.
Be3 Bxa5 22. Bxd5 Rfe8 23. Rac1 Qb8 24. Qb5 Bb6 25. Qxd7 Bxe3+ 26. Kh1 Bxc1 27.
Qxf7+ Kh7 28. Rxc1 Rf8 29. Qe6 Rf5 30. g4 Rxf4 31. Rc3 Kh6 32. g5+ Kh5 33. Qh3+
Rh4 34. Bf3+ 1-0

[Event "VII Weekend A"]
[Site "Padova ITA"]
[Date "2004.12.11"]
[Round "1"]
[White "Ricci, Alfredo"]
[Black "Guerra, Alessandro"]
[Result "0-1"]
[WhiteElo "2000"]
[BlackElo "2197"]
[PlyCount "75"]
[EventDate "2004.12.11"]

1. e4 Nc6 2. d4 e5 3. Nf3 exd4 4. Bc4 Nf6 5. Ng5 Ne5 6. Qxd4 Nxc4 7. Qxc4 d5 8.
exd5 Qxd5 9. Qe2+ Be7 10. O-O h6 11. Re1 Qd8 12. Nh3 g5 13. Rd1 Bd7 14. f4 g4
15. Nf2 Kf8 16. b3 h5 17. Bb2 Rh6 18. Nc3 Qe8 19. Qc4 Bd6 20. Nce4 Nxe4 21.
Nxe4 Bc6 22. Nxd6 Qe3+ 23. Kh1 Rxd6 24. Bd4 Qe4 25. Rd2 Kg8 26. c3 Re8 27. Kg1
h4 28. Qf1 h3 29. Rad1 g3 30. hxg3 hxg2 31. Qf2 Qh7 32. Qxg2 Bxg2 33. Rxg2 c5
34. Rh2 Qxh2+ 35. Kxh2 Re2+ 36. Kh3 cxd4 37. cxd4 f5 38. Kh4 0-1

[Event "VII Weekend A"]
[Site "Padova ITA"]
[Date "2004.12.11"]
[Round "1"]
[White "Salvador, Roland"]
[Black "Carini, Massimo"]
[Result "1-0"]
[WhiteElo "2315"]
[BlackElo "2041"]
[PlyCount "115"]
[EventDate "2004.12.11"]

1. d4 d5 2. Nf3 c6 3. c4 e6 4. Nc3 Nf6 5. e3 Ne4 6. Nxe4 dxe4 7. Nd2 f5 8. f3
Bd6 9. g3 exf3 10. Nxf3 O-O 11. c5 Bc7 12. Bc4 b5 13. Bb3 Qe7 14. O-O Nd7 15.
e4 fxe4 16. Ng5 Nf6 17. Bf4 Bxf4 18. Rxf4 Bd7 19. Nxe4 Nd5 20. Rxf8+ Rxf8 21.
Qe2 g6 22. Rf1 Qg7 23. Rxf8+ Kxf8 24. Qf2+ Ke7 25. Bxd5 exd5 26. Ng5 h6 27. Nf3
g5 28. Qe3+ Kd8 29. Ne5 Qh7 30. Qe1 Kc7 31. a3 Bh3 32. Nf3 Qc2 33. Qf2 Qb1+ 34.
Ne1 Qe4 35. Nf3 Qb1+ 36. Ne1 Qe4 37. Nc2 Qd3 38. Qf7+ Kc8 39. Qf8+ Kc7 40. Qd6+
Kb7 41. Qxc6+ Kb8 42. Qe8+ Kc7 43. Qf7+ Kc8 44. Qf2 Qd1+ 45. Ne1 Qb1 46. Qf8+
Kc7 47. Qd6+ Kc8 48. Qc6+ Kd8 49. Qxd5+ Kc8 50. Qa8+ Kc7 51. Qxa7+ Kc8 52. Qa6+
Kc7 53. Qd6+ Kc8 54. Qf8+ Kc7 55. Qe7+ Kc8 56. Qe8+ Kc7 57. c6 Qc1 58. d5 1-0

[Event "VII Weekend A"]
[Site "Padova ITA"]
[Date "2004.12.12"]
[Round "2"]
[White "Boscolo, Marco"]
[Black "Belloni, Umberto"]
[Result "1-0"]
[WhiteElo "1993"]
[BlackElo "1950"]
[PlyCount "59"]
[EventDate "2004.12.11"]

1. e4 e6 2. d3 d5 3. Nd2 Nf6 4. Ngf3 b6 5. e5 Nfd7 6. g3 Bb7 7. Bg2 c5 8. O-O
Nc6 9. Re1 Qc7 10. Qe2 Be7 11. c3 Ba6 12. Nf1 h6 13. c4 d4 14. h4 Bb7 15. h5
O-O-O 16. N3h2 Rdg8 17. Ng4 Bf8 18. Bf4 g6 19. hxg6 fxg6 20. Nf6 Rg7 21. g4 Rf7
22. Bg3 Nd8 23. b4 Nc6 24. b5 Na5 25. Ne4 Bxe4 26. Qxe4 g5 27. Nd2 Be7 28. Qg6
Rhh7 29. Qxe6 Kd8 30. Qd5 1-0

[Event "VII Weekend A"]
[Site "Padova ITA"]
[Date "2004.12.12"]
[Round "2"]
[White "Cacco, Christian"]
[Black "Bracaglia, Carlo"]
[Result "1-0"]
[WhiteElo "2280"]
[BlackElo "2169"]
[PlyCount "97"]
[EventDate "2004.12.11"]

1. d4 Nf6 2. Nf3 g6 3. c4 Bg7 4. Nc3 O-O 5. g3 d5 6. Bg2 c6 7. Ne5 dxc4 8. Nxc4
Be6 9. Qd3 Nd5 10. e3 Nd7 11. O-O b5 12. Nd2 Qb6 13. e4 Nxc3 14. bxc3 Rfd8 15.
Qc2 Rac8 16. Re1 Qa5 17. Nf3 Bc4 18. a4 Nb6 19. Bg5 Nxa4 20. Bxe7 Re8 21. Bb4
Qc7 22. Nd2 a5 23. Bxa5 Qxa5 24. Nxc4 Qxc3 25. Qxc3 Nxc3 26. Nd6 Bxd4 27. Bh3
Rcd8 28. Nxe8 Rxe8 29. Bd7 Rb8 30. Bxc6 Ne2+ 31. Kf1 Bxa1 32. Rxa1 Nd4 33. Bd5
b4 34. Rb1 Kf8 35. Ke1 f5 36. Kd2 fxe4 37. Bxe4 Ne6 38. Ke3 Ke7 39. h4 Nc5 40.
Bd5 Kd6 41. Bc4 Re8+ 42. Kf3 Ne4 43. Rxb4 Kc5 44. Bf7 Nd2+ 45. Kg4 Rf8 46. Rf4
Kd6 47. Kg5 Ke7 48. Bd5 Rxf4 49. gxf4 1-0

[Event "VII Weekend A"]
[Site "Padova ITA"]
[Date "2004.12.12"]
[Round "2"]
[White "Cardili, Mariano"]
[Black "Cecchetto, Vanni"]
[Result "1-0"]
[WhiteElo "2023"]
[BlackElo "1989"]
[PlyCount "89"]
[EventDate "2004.12.11"]

1. d4 d5 2. c4 e6 3. Nc3 Nf6 4. Bg5 Be7 5. cxd5 exd5 6. Nf3 O-O 7. e3 c6 8. Qc2
Be6 9. Bd3 Nbd7 10. O-O Re8 11. Rab1 Nf8 12. b4 b5 13. Ne5 Rc8 14. f4 Rc7 15.
Bxf6 Bxf6 16. Rbc1 Bxe5 17. dxe5 a6 18. Ne2 Qe7 19. Nd4 Qxb4 20. Nxc6 Qa3 21.
Qd2 Kh8 22. Rc3 Qa4 23. Qb2 b4 24. Nxb4 Rb7 25. a3 a5 26. Qc2 Qxc2 27. Nxc2
Reb8 28. Nd4 Bd7 29. Rc5 Rb2 30. Rxd5 Rd2 31. Be4 Rbb2 32. Rc1 g6 33. Rxa5 Ne6
34. Nxe6 Bxe6 35. Rac5 Re2 36. R5c3 Ra2 37. h3 Kg7 38. Kh2 Bf5 39. Bf3 Rf2 40.
Kg3 h5 41. Rd1 g5 42. fxg5 Kg6 43. h4 Bg4 44. Rd6+ Kf5 45. Rf6+ 1-0

[Event "VII Weekend A"]
[Site "Padova ITA"]
[Date "2004.12.12"]
[Round "2"]
[White "Carini, Massimo"]
[Black "Zarpellon, Daniel"]
[Result "0-1"]
[WhiteElo "2041"]
[BlackElo "1985"]
[PlyCount "67"]
[EventDate "2004.12.11"]

1. e4 d6 2. f4 c5 3. Nf3 Nc6 4. c3 Nf6 5. d3 Bg4 6. h3 Bxf3 7. Qxf3 e6 8. g4
Be7 9. Bg2 Nd7 10. O-O O-O 11. Na3 a6 12. Be3 b5 13. Nc2 Rb8 14. d4 Nb6 15. e5
d5 16. dxc5 Na4 17. b4 Nxc3 18. Bd4 Na4 19. f5 Qc7 20. f6 Bd8 21. Qf4 Kh8 22.
fxg7+ Kxg7 23. Bxd5 exd5 24. e6+ f6 25. e7 Qxe7 26. g5 Qe4 27. gxf6+ Kh8 28.
Qg5 Qg6 29. Qxg6 hxg6 30. f7+ Kh7 31. Rae1 Bh4 32. Re6 Nxd4 33. Nxd4 Rb7 34.
Rxa6 0-1

[Event "VII Weekend A"]
[Site "Padova ITA"]
[Date "2004.12.12"]
[Round "2"]
[White "Dervishi, Erald"]
[Black "Giuriati, Paolo"]
[Result "1-0"]
[WhiteElo "2502"]
[BlackElo "2190"]
[PlyCount "103"]
[EventDate "2004.12.11"]

1. e4 c6 2. d4 d5 3. Nc3 dxe4 4. Nxe4 Bf5 5. Ng3 Bg6 6. h4 h6 7. Nf3 Nd7 8. h5
Bh7 9. Bd3 Bxd3 10. Qxd3 Ngf6 11. Bf4 e6 12. O-O-O Be7 13. Kb1 O-O 14. Ne4 Nxe4
15. Qxe4 Nf6 16. Qe2 Qd5 17. Ne5 Qe4 18. Qxe4 Nxe4 19. Rde1 Nf6 20. g4 Rfd8 21.
c3 c5 22. dxc5 Bxc5 23. f3 Bd6 24. Bc1 Bxe5 25. Rxe5 Rd5 26. Rxd5 Nxd5 27. c4
Nb6 28. b3 Rd8 29. Kc2 f6 30. Be3 Kf7 31. a4 Nc8 32. Kc3 a6 33. b4 Ne7 34. b5
axb5 35. axb5 Ra8 36. Kb4 e5 37. Rd1 Ke6 38. Bc5 Nc8 39. Rd8 b6 40. Bf8 Kf7 41.
c5 bxc5+ 42. Bxc5 g6 43. b6 Nxb6 44. Bxb6 Rxd8 45. Bxd8 gxh5 46. gxh5 Ke6 47.
Kc4 Kf5 48. Kd5 Kf4 49. Ke6 f5 50. Bc7 Kxf3 51. Kxf5 e4 52. Kg6 1-0

[Event "VII Weekend A"]
[Site "Padova ITA"]
[Date "2004.12.12"]
[Round "2"]
[White "Guerra, Alessandro"]
[Black "Giancotti, Eraldo"]
[Result "0-1"]
[WhiteElo "2197"]
[BlackElo "2093"]
[PlyCount "54"]
[EventDate "2004.12.11"]

1. d4 d6 2. e4 Nf6 3. Nc3 c6 4. f4 Qa5 5. Bd3 Bg4 6. Nf3 e5 7. dxe5 dxe5 8.
fxe5 Nfd7 9. Bf4 Nxe5 10. Bxe5 Bxf3 11. Qxf3 Qxe5 12. Rf1 f6 13. Qh3 Nd7 14.
Rf5 Qe6 15. O-O-O g6 16. Nb5 O-O-O 17. Nxa7+ Kc7 18. Rh5 Qxa2 19. Nb5+ cxb5 20.
Rxh7 Rxh7 21. Qxh7 Qa1+ 22. Kd2 Qxb2 23. Ke1 Bc5 24. Qxg6 Qd4 25. Qg3+ Kb6 26.
Ke2 Rg8 27. Qf3 f5 0-1

[Event "VII Weekend A"]
[Site "Padova ITA"]
[Date "2004.12.12"]
[Round "2"]
[White "Navarro, Stefano"]
[Black "Salvador, Roland"]
[Result "0-1"]
[WhiteElo "2177"]
[BlackElo "2315"]
[PlyCount "80"]
[EventDate "2004.12.11"]

1. e4 c5 2. Nf3 Nc6 3. d4 cxd4 4. Nxd4 e5 5. Nb5 d6 6. c4 Be7 7. N1c3 a6 8. Na3
f5 9. exf5 Bxf5 10. Bd3 Be6 11. Nc2 Nf6 12. Bg5 Qd7 13. Ne3 O-O 14. O-O Nd4 15.
f4 Ng4 16. Nxg4 Bxg4 17. Qb1 Bxg5 18. Bxh7+ Kh8 19. fxg5 Rxf1+ 20. Kxf1 Rf8+
21. Kg1 Nf3+ 22. Kh1 Qf7 23. Be4 Nxg5 24. Qe1 Nxe4 25. Nxe4 Qxc4 26. Nxd6 Qd3
27. Ne4 Rf4 28. Nf2 Qc2 29. Kg1 Bf5 30. b3 Kh7 31. Qe3 Qb2 32. Re1 Qxa2 33. g3
Rb4 34. Qxe5 Rb5 35. Qd4 Qxb3 36. Qh4+ Kg6 37. Ne4 Bd7 38. Nd6 Qb4 39. Qe7 Qd4+
40. Kf1 Bh3+ 0-1

[Event "VII Weekend A"]
[Site "Padova ITA"]
[Date "2004.12.12"]
[Round "2"]
[White "Quaranta, Cristiano"]
[Black "Lain, Luigi"]
[Result "0-1"]
[WhiteElo "2091"]
[BlackElo "2262"]
[PlyCount "106"]
[EventDate "2004.12.11"]

1. d4 d5 2. Nf3 Nf6 3. e3 e6 4. Bd3 Nbd7 5. Nbd2 c5 6. c3 c4 7. Bc2 b5 8. e4
dxe4 9. Nxe4 Bb7 10. Qe2 Be7 11. Bf4 Qb6 12. O-O O-O 13. Ne5 Nxe5 14. Nxf6+
gxf6 15. dxe5 Qc6 16. Qg4+ Kh8 17. Bxh7 Qxg2+ 18. Qxg2 Bxg2 19. Kxg2 Kxh7 20.
Rad1 Rfd8 21. exf6 Bxf6 22. Bc7 Rxd1 23. Rxd1 a5 24. f4 Kg6 25. Kf3 b4 26. Be5
Bxe5 27. fxe5 bxc3 28. bxc3 Kf5 29. Rd4 Rc8 30. Rf4+ Kxe5 31. Rxf7 Rd8 32. Ke2
Rb8 33. Ke3 Rb2 34. Rf2 Rb1 35. Rg2 Kd5 36. Re2 a4 37. Rd2+ Kc5 38. Rd8 Rg1 39.
Rc8+ Kd5 40. Rd8+ Ke5 41. Kd2 Ra1 42. Rd4 Rxa2+ 43. Ke3 Rxh2 44. Rxc4 a3 45.
Rc5+ Kd6 46. Ra5 Ra2 47. Kd3 e5 48. Kc4 e4 49. Kd4 Ra1 50. Ra6+ Kc7 51. Kc4 e3
52. Kd3 a2 53. Ke2 Rh1 0-1

[Event "VII Weekend A"]
[Site "Padova ITA"]
[Date "2004.12.12"]
[Round "2"]
[White "Renier, Renzo"]
[Black "Guclu, Yaman"]
[Result "0-1"]
[WhiteElo "1987"]
[BlackElo "2026"]
[PlyCount "44"]
[EventDate "2004.12.11"]

1. e4 e5 2. Nf3 Nc6 3. Bb5 a6 4. Bxc6 dxc6 5. O-O Qd6 6. d4 exd4 7. Qxd4 Bg4 8.
e5 Qxd4 9. Nxd4 O-O-O 10. Be3 Ne7 11. f3 Nf5 12. Nxf5 Bxf5 13. c3 Rd5 14. f4
Rd3 15. Kf2 Be7 16. Nd2 Rhd8 17. Nf3 R8d5 18. Ke2 Rb5 19. Nd4 Rxb2+ 20. Kf3
Bg4+ 21. Ke4 Rxc3 22. h3 Be6 0-1

[Event "VII Weekend A"]
[Site "Padova ITA"]
[Date "2004.12.12"]
[Round "2"]
[White "Roberti, Ignazio"]
[Black "Ricci, Alfredo"]
[Result "1-0"]
[WhiteElo "1960"]
[BlackElo "2000"]
[PlyCount "49"]
[EventDate "2004.12.11"]

1. e4 c5 2. Nf3 e6 3. c3 d5 4. e5 Nc6 5. d4 Nge7 6. Bd3 Nf5 7. Be3 cxd4 8. cxd4
Qb6 9. Qd2 Bd7 10. Be2 Bb4 11. Nc3 Rc8 12. O-O Na5 13. g4 Nxe3 14. fxe3 Nc4 15.
Bxc4 Rxc4 16. Ng5 f6 17. exf6 gxf6 18. Rxf6 Be7 19. Nxd5 Qb5 20. Nxe7 Qxg5 21.
Rf4 Kxe7 22. Raf1 Qd5 23. Qf2 Bc6 24. Rf7+ Kd8 25. Qf6+ 1-0

[Event "VII Weekend A"]
[Site "Padova ITA"]
[Date "2004.12.12"]
[Round "3"]
[White "Belloni, Umberto"]
[Black "Carini, Massimo"]
[Result "1/2-1/2"]
[WhiteElo "1950"]
[BlackElo "2041"]
[PlyCount "91"]
[EventDate "2004.12.11"]

1. d4 d5 2. f4 Bf5 3. Nf3 e6 4. e3 Nf6 5. Bd3 Bxd3 6. Qxd3 a6 7. Nbd2 Be7 8.
O-O O-O 9. c3 Nbd7 10. Ng5 h6 11. Nh3 c5 12. Qe2 Nh7 13. Nf3 f5 14. Bd2 g5 15.
Ne5 g4 16. Nxg4 fxg4 17. Qxg4+ Kh8 18. Qxe6 Ndf6 19. Nf2 Rg8 20. Qh3 Qf8 21.
Rae1 Ne4 22. Re2 Nxf2 23. Rfxf2 Nf6 24. g3 Ng4 25. Rf1 Qf5 26. Qg2 Nf6 27. Be1
Rg7 28. Qf3 Rag8 29. Rff2 Ne4 30. Rg2 Ng5 31. Qf1 Nh3+ 32. Kh1 Qe4 33. Rd2 c4
34. Qe2 Rg4 35. b3 b5 36. bxc4 bxc4 37. Rb2 Bd8 38. Rb7 R4g6 39. Bd2 R6g7 40.
Rb2 Kh7 41. Be1 Rg6 42. Qc2 Qf3 43. Qe2 Qe4 44. Qc2 Qf3 45. Qe2 Qe4 46. Qc2
1/2-1/2

[Event "VII Weekend A"]
[Site "Padova ITA"]
[Date "2004.12.12"]
[Round "3"]
[White "Bracaglia, Carlo"]
[Black "Boscolo, Marco"]
[Result "1-0"]
[WhiteElo "2169"]
[BlackElo "1993"]
[PlyCount "71"]
[EventDate "2004.12.11"]

1. e4 e6 2. d4 d5 3. e5 c5 4. c3 Nc6 5. Nf3 Qb6 6. a3 Nh6 7. Bd3 Nf5 8. dxc5
Bxc5 9. O-O Qd8 10. b4 Be7 11. Nbd2 Nh4 12. Nxh4 Bxh4 13. Nf3 Be7 14. Qc2 h6
15. Bb2 Bd7 16. c4 dxc4 17. Qxc4 Rc8 18. Qg4 g5 19. Qh5 Qb6 20. Rad1 a5 21. b5
Nd8 22. a4 Qc5 23. Bc1 Qb4 24. Bxg5 Qxa4 25. Bxe7 Kxe7 26. Rd2 Rg8 27. h3 Bxb5
28. Bxb5 Qxb5 29. Qxh6 Ke8 30. Rfd1 Qc6 31. Qf6 Qc7 32. Ng5 Qe7 33. Ne4 Ra8 34.
Qh6 Rg6 35. Qh8+ Qf8 36. Rxd8+ 1-0

[Event "VII Weekend A"]
[Site "Padova ITA"]
[Date "2004.12.12"]
[Round "3"]
[White "Gennari, Leone"]
[Black "Cecchetto, Vanni"]
[Result "0-1"]
[WhiteElo "2079"]
[BlackElo "1989"]
[PlyCount "56"]
[EventDate "2004.12.11"]

1. d4 Nf6 2. c4 c5 3. d5 e6 4. Nc3 exd5 5. cxd5 d6 6. e4 g6 7. f4 Bg7 8. Nf3
O-O 9. Bd3 Na6 10. O-O Nc7 11. Be3 b5 12. h3 c4 13. Bc2 b4 14. Ne2 Re8 15. Bd4
Nb5 16. Ng3 Nxd4 17. Nxd4 Qb6 18. Kh2 Nxd5 19. exd5 Bxd4 20. Rb1 f5 21. Ba4 Re3
22. Ne2 Bf6 23. Qd2 Ba6 24. Bc6 c3 25. Nxc3 Bxf1 26. Bxa8 bxc3 27. bxc3 Qxb1
28. Qxe3 Qe4 0-1

[Event "VII Weekend A"]
[Site "Padova ITA"]
[Date "2004.12.12"]
[Round "3"]
[White "Giuriati, Paolo"]
[Black "Cardili, Mariano"]
[Result "1-0"]
[WhiteElo "2190"]
[BlackElo "2023"]
[PlyCount "97"]
[EventDate "2004.12.11"]

1. d4 d5 2. Bf4 Nf6 3. e3 Bf5 4. Nd2 e6 5. Ngf3 Bd6 6. Bxd6 Qxd6 7. Ne5 O-O 8.
g4 Be4 9. f3 Bg6 10. h4 h6 11. g5 Nfd7 12. f4 Nxe5 13. fxe5 Qb4 14. Qc1 c5 15.
c3 Qb6 16. Nb3 Nd7 17. Qd2 a5 18. Nc1 Be4 19. Bg2 Bxg2 20. Qxg2 g6 21. Nd3 Qc6
22. O-O b5 23. Nf4 b4 24. Qc2 Kg7 25. Nh5+ gxh5 26. Qe2 Rh8 27. Rf4 Nf8 28.
Raf1 Ra7 29. Qf2 Qc7 30. Qg3 c4 31. R1f3 Ng6 32. Rf6 bxc3 33. bxc3 Rb7 34. Qf2
Rf8 35. Rxg6+ Kxg6 36. Rf6+ Kg7 37. g6 Qb6 38. Qf3 Qb1+ 39. Kh2 Qe4 40. Qf2 Qb1
41. Qf3 Qxa2+ 42. Kh3 Qd2 43. Qg3 Rh8 44. gxf7+ Kf8 45. Rxh6 Rxf7 46. Rxh8+ Ke7
47. Ra8 Qf2 48. Qg5+ Kd7 49. Qd8+ 1-0

[Event "VII Weekend A"]
[Site "Padova ITA"]
[Date "2004.12.12"]
[Round "3"]
[White "Guclu, Yaman"]
[Black "Navarro, Stefano"]
[Result "0-1"]
[WhiteElo "2026"]
[BlackElo "2177"]
[PlyCount "72"]
[EventDate "2004.12.11"]

1. d4 d5 2. Nf3 e6 3. c4 c6 4. e3 Nf6 5. Nc3 Nbd7 6. Bd3 dxc4 7. Bxc4 b5 8. Bb3
Bb7 9. O-O b4 10. Ne2 c5 11. Bd2 Be7 12. Rc1 Rc8 13. Ng3 O-O 14. Re1 Qb6 15.
Bc4 Rfd8 16. Qe2 Nb8 17. b3 Nc6 18. dxc5 Bxc5 19. Rcd1 Nd7 20. Bc1 Nce5 21.
Nxe5 Nxe5 22. Bb2 Nxc4 23. Qxc4 Qc6 24. e4 Ba6 25. Qc1 f6 26. Rxd8+ Rxd8 27.
Rd1 Rc8 28. Qd2 Qb6 29. Nh5 Be7 30. Bd4 Qc6 31. Ng3 Rd8 32. Qe3 e5 33. Nf5 Bf8
34. Qg3 Kh8 35. Qg4 exd4 36. Nxd4 Qd7 0-1

[Event "VII Weekend A"]
[Site "Padova ITA"]
[Date "2004.12.12"]
[Round "3"]
[White "Lain, Luigi"]
[Black "Dervishi, Erald"]
[Result "0-1"]
[WhiteElo "2262"]
[BlackElo "2502"]
[PlyCount "141"]
[EventDate "2004.12.11"]

1. d4 Nf6 2. c4 e6 3. Nc3 d5 4. Bg5 Be7 5. e3 O-O 6. cxd5 exd5 7. Bd3 Nbd7 8.
Nge2 Re8 9. O-O c6 10. Qc2 Nf8 11. f3 Be6 12. e4 dxe4 13. fxe4 Rc8 14. Rad1 c5
15. Bb5 Bd7 16. Bxf6 Bxf6 17. dxc5 Rxc5 18. Bxd7 Nxd7 19. Qa4 Rc6 20. Qxa7 Qc8
21. Qf2 Ne5 22. Ng3 g6 23. Nge2 Bg7 24. Nd5 Rc2 25. Rc1 Rxc1 26. Rxc1 Qg4 27.
Rc7 Qxe4 28. Nec3 Qd3 29. Nb4 Qd6 30. Rxb7 Qe6 31. h3 Qc8 32. Ra7 Qc4 33. Rb7
Nd3 34. Qxf7+ Qxf7 35. Rxf7 Nxb4 36. Rb7 Nd3 37. g4 Nxb2 38. Nd5 Nd3 39. a3 Ra8
40. Rb3 Nc5 41. Rf3 Bb2 42. Kg2 Rxa3 43. Nf6+ Kh8 44. Rf1 Bxf6 45. Rxf6 Kg7 46.
Rf4 g5 47. Rc4 Ne6 48. h4 gxh4 49. Rb4 Ng5 50. Kh2 Ra2+ 51. Kh1 h3 52. Rf4 Kg6
53. Kg1 Rg2+ 54. Kh1 Ra2 55. Kg1 h2+ 56. Kh1 Nh3 57. Rf3 Nf2+ 58. Kxh2 Nxg4+
59. Kg3 Kg5 60. Rb3 Ra5 61. Kh3 h5 62. Rf3 Re5 63. Rf8 Re3+ 64. Kg2 Re2+ 65.
Kf1 Rh2 66. Kg1 h4 67. Rf3 Ne5 68. Rf8 h3 69. Rg8+ Kh4 70. Rh8+ Kg3 71. Kf1 {
...} 0-1

[Event "VII Weekend A"]
[Site "Padova ITA"]
[Date "2004.12.12"]
[Round "3"]
[White "Ricci, Alfredo"]
[Black "Renier, Renzo"]
[Result "1-0"]
[WhiteElo "2000"]
[BlackElo "1987"]
[PlyCount "127"]
[EventDate "2004.12.11"]

1. e4 c5 2. Nf3 Nc6 3. Bc4 g6 4. c3 Bg7 5. d4 cxd4 6. cxd4 d6 7. d5 Ne5 8. Nxe5
Bxe5 9. Nc3 Bd7 10. O-O Rc8 11. Bb3 Nf6 12. Qd3 a6 13. Re1 O-O 14. f4 Bxc3 15.
bxc3 Qa5 16. Bd2 Qc5+ 17. Qd4 Bb5 18. e5 Ne8 19. Rac1 Ng7 20. g4 Bd7 21. Qxc5
dxc5 22. h3 c4 23. Bd1 Rfd8 24. Be3 Bb5 25. Bf3 Ne8 26. Bb6 Rd7 27. Rcd1 Ba4
28. Rd4 Bb5 29. g5 Nc7 30. Red1 Kf8 31. Bg4 e6 32. Bxc7 Rcxc7 33. dxe6 fxe6 34.
Bxe6 Rxd4 35. Rxd4 Ke7 36. Bg4 Be8 37. Kf2 b5 38. a3 a5 39. Ke1 Bf7 40. Kd2 Ra7
41. f5 gxf5 42. Bxf5 Bg6 43. Bg4 Bd3 44. e6 Rb7 45. Rf4 Bg6 46. h4 b4 47. axb4
axb4 48. cxb4 Rxb4 49. Kc3 Rb3+ 50. Kxc4 Ra3 51. Rd4 Be8 52. Bf5 Ra4+ 53. Kd3
Ra3+ 54. Ke4 Bc6+ 55. Kf4 Rf3+ 56. Ke5 Re3+ 57. Kf4 Rf3+ 58. Kg4 Rf1 59. Rf4
Rg1+ 60. Kh5 Be8+ 61. Kh6 Bg6 62. Bxg6 hxg6 63. Re4 Rh1 64. Kxg6 1-0

[Event "VII Weekend A"]
[Site "Padova ITA"]
[Date "2004.12.12"]
[Round "3"]
[White "Roberti, Ignazio"]
[Black "Quaranta, Cristiano"]
[Result "1-0"]
[WhiteElo "1960"]
[BlackElo "2091"]
[PlyCount "61"]
[EventDate "2004.12.11"]

1. e4 c5 2. Nf3 Nc6 3. d4 cxd4 4. Nxd4 g6 5. c4 Bg7 6. Be3 Nf6 7. Nc3 d6 8. Be2
O-O 9. O-O Nd7 10. Qd2 Nxd4 11. Bxd4 a5 12. b3 Nc5 13. Rad1 Bxd4 14. Qxd4 Bd7
15. e5 Ne6 16. Qd2 Bc6 17. exd6 Qxd6 18. Qxd6 exd6 19. Rxd6 Nf4 20. f3 Rfe8 21.
Kf2 Re5 22. Rfd1 Rae8 23. Rd8 Nxe2 24. Rxe8+ Bxe8 25. Nxe2 b5 26. Rd5 Rxd5 27.
cxd5 Kf8 28. Ke3 Ke7 29. Kd4 Kd6 30. g4 f5 31. gxf5 1-0

[Event "VII Weekend A"]
[Site "Padova ITA"]
[Date "2004.12.12"]
[Round "3"]
[White "Salvador, Roland"]
[Black "Cacco, Christian"]
[Result "1-0"]
[WhiteElo "2315"]
[BlackElo "2280"]
[PlyCount "62"]
[EventDate "2004.12.11"]

1. c4 g6 2. Nc3 Bg7 3. g3 e5 4. Bg2 Ne7 5. e3 Nbc6 6. a3 a5 7. Nge2 h5 8. h3 d6
9. Rb1 Bf5 10. d3 Qd7 11. b4 axb4 12. axb4 Be6 13. Nd5 Nd8 14. d4 Nc8 15. e4
Nc6 16. Bb2 O-O 17. Ne3 exd4 18. Nxd4 Nxd4 19. Bxd4 Ne7 20. Bxg7 Kxg7 21. Qd4+
f6 22. f4 Ra3 23. b5 c6 24. g4 hxg4 25. hxg4 Bxg4 26. Rh4 Be6 27. Kf2 d5 28.
Rbh1 Bg8 29. Rh8 Qd6 30. exd5 cxd5 31. c5 31... Qe6 {...} 1-0

[Event "VII Weekend A"]
[Site "Padova ITA"]
[Date "2004.12.12"]
[Round "3"]
[White "Zarpellon, Daniel"]
[Black "Guerra, Alessandro"]
[Result "0-1"]
[WhiteElo "1985"]
[BlackElo "2197"]
[PlyCount "111"]
[EventDate "2004.12.11"]

1. e4 Nc6 2. d4 d6 3. Nf3 Bg4 4. Bb5 a6 5. Bxc6+ bxc6 6. O-O Nf6 7. Nc3 e6 8.
Re1 Be7 9. Qd3 Qb8 10. Rb1 O-O 11. Bg5 h6 12. Be3 Qb7 13. Nd2 d5 14. f3 Bh5 15.
Qf1 Bg6 16. g4 c5 17. g5 cxd4 18. Bxd4 hxg5 19. Qg2 c5 20. Be5 d4 21. Na4 Nd7
22. Bg3 e5 23. Nc4 f6 24. b3 Bf7 25. Qe2 Qb5 26. Nab2 a5 27. a4 Qa6 28. Kg2 g6
29. h4 gxh4 30. Bxh4 Kg7 31. Bg3 Rh8 32. Rh1 Nb6 33. Qd3 Nxc4 34. Nxc4 Qe6 35.
Rbg1 Qa6 36. Rxh8 Kxh8 37. Rb1 Kg7 38. Nb2 Qxd3 39. Nxd3 Rb8 40. Nxe5 Bd6 41.
Nc6 Bxg3 42. Kxg3 Ra8 43. Ne7 Ra6 44. Rd1 Kf8 45. Nd5 Bxd5 46. exd5 Rd6 47. c4
dxc3 48. Rc1 Rxd5 49. Rxc3 Ke7 50. Rc4 Kd6 51. Rc3 Rd4 52. f4 Kd5 53. Kf3 c4
54. bxc4+ Rxc4 55. Rd3+ Rd4 56. Rb3 0-1